| 000 | 02369cam a22002533a 4500 | ||
|---|---|---|---|
| 001 | 20151 | ||
| 003 | PGUSA | ||
| 005 | 20140828083427.0 | ||
| 008 | 061220s2006||||xxu|||||s|||||000 | eng d | ||
| 040 |
_aPGUSA _beng |
||
| 042 | _adc | ||
| 050 | 4 | _aBJ | |
| 100 | 1 | _aLewis, Harry A. | |
| 245 | 1 | 0 |
_aHidden Treasures; Or, Why Some Succeed While Others Fail _h[electronic resource] / _cHarry A. Lewis |
| 260 |
_bProject Gutenberg, _c2006 |
||
| 505 | 0 | _aPreface -- Introduction -- Quotations -- Daniel Drew -- Russell Sage -- Cornelius Vanderbilt -- Amos Lawrence -- Horace B. Claflin -- William E. Dodge -- Jay Gould -- John Wannamaker -- Alexander T. Stewart -- Nicholas Longworth -- Robert Bonner -- William G. Fargo -- James C. Flood -- John W. MacKay -- James C. Fair -- Horace Greeley -- Thurlow Weed -- George W. Childs -- James Gordon Bennett -- Phineas T. Barnum -- Mathew Vassar -- John Jacob Astor -- Potter Palmer -- James Harper -- Henry Disston -- Peter Cooper -- George Law -- Darius O. Mills -- Stephen Girard -- Moses Taylor -- William C. Ralston -- George Peabody -- William W. Corcoran -- Nathan Mayer Rothschild -- John Adams -- Thomas Jefferson -- John Marshall -- Alexander Hamilton -- James Madison -- James Monroe -- Lewis Cass -- John C. Calhoun -- Robert Y. Hayne -- Daniel Webster -- Andrew Jackson -- Thomas H. Benton -- Henry Clay -- Martin Van Buren -- Stephen Arnold Douglass -- Abbott Lawrence -- Alexander H. Stephens -- Millard Fillmore -- William H. Seward -- Horatio Seymour -- Winfield S. Hancock -- George B. McClellan -- Ulysses Simpson Grant -- Stonewall Jackson -- General Robert E. Lee -- Henry Wilson -- Abraham Lincoln -- Edward Everett -- Edwin M. Stanton -- Andrew Johnson -- James A. Garfield -- Chester A. Arthur -- John A. Logan -- James G. Blaine -- Samuel J. Tilden -- Henry Ward Beecher -- James Watt -- George Stephenson -- Benjamin Franklin -- Eli Whitney -- Robert Fulton -- Elias Howe, Jr. -- Isaac M. Singer -- Richard M. Hoe -- Charles Goodyear -- Prof. S. F. B. Morse -- Cyrus W. Field -- George M. Pullman -- Thomas A. Edison -- Why some succeed while others fail. | |
| 506 | _aPublic domain in the USA. | ||
| 516 | _aElectronic text | ||
| 653 | _aSuccess | ||
| 653 | _aUnited States -- Biography | ||
| 830 | 0 |
_aProject Gutenberg _v20151 |
|
| 856 | 4 | 0 | _uhttp://www.gutenberg.org/ebooks/20151 |
| 942 | _cEB | ||
| 999 |
_c249406 _d249406 |
||